00430nam a2200157 a 450000500170000000800410001702000180005805000210007610000140009724500550011126000340016630000070020044000210020752000260022865000180025420140513081056.0070202s19uu xx 00 eng d a0-00-715856-4 aKIT EbDr78 1998 aDr. Seuss aOne fish two fish red fish blue fish /cDr. Seuss. aUSA :bHarper Collins,c2003. a62 aDr. Seuss series aBook and casette tape aRhyming words